Terminology of the British Isles - Statistics

General Stats
  • This quiz has been taken 43 times
  • The average score is 9 of 10
Answer Stats
Hint Answer % Correct
The largest and most populous of the British Isles Great Britain
100%
The second-most populous island, and most populous of the Celtic nations Ireland
98%
A region known for lochs and bagpipes Scotland
98%
The most populous region of the above England
95%
The third largest island in the British Isles, located in the Irish Sea Isle of Man
95%
A primarily mountainous region with a flag containing a red dragon Wales
95%
A union of four different countries, yet sometimes referred to by the most populous of the four United Kingdom
93%
The Protestant region of a predominantly Catholic island Northern Ireland
88%
An archipelago south of the main islands, consisting primarily of Jersey and Guernsey Channel Islands
75%
A historically Celtic county on the largest island, with its local government in the city of Truro Cornwall
68%
No matching quizzes found
Score Distribution
Percent of People with Each Score
Percentile by Number Answered
Your Score History
You have not taken this quiz